| 000 | 00919cgm a2200289 4500 | ||
|---|---|---|---|
| 001 | E2685 | ||
| 008 | 090401t1996 xxu||||| |||| 00| 0 eng d | ||
| 035 | _a(Sirsi) u40528 | ||
| 041 | _aeng | ||
| 050 | _a333.332 | ||
| 100 | _aAsson, Tim | ||
| 245 | _aValuation of commercial property for secured lending (sound recording) | ||
| 260 |
_aLondon _bRICS _c1996 |
||
| 300 | _a1 sound cassette (60 min.) | ||
| 350 | _a12 | ||
| 490 | _aOwlion Audio Programme | ||
| 520 | _aExamines mandatory requirements of the 1996 Appraisal Valuation Manual as it relates to commercial property valuations for lending and highlights potential problems. | ||
| 650 | _aAUDIO CASSETTES | ||
| 650 | _aPROPERTY-COMMERCIAL PROPERTY | ||
| 650 | _aSECURED LENDING | ||
| 650 |
_aValuation _96273 |
||
| 690 | _aRATING AND VALUATION | ||
| 700 | _aBurton, Mark | ||
| 700 | _aMorton-Smith, Jon | ||
| 942 | _n0 | ||
| 948 | _c04/03/1997 | ||
| 999 |
_c85237 _d85237 |
||